000
00274nam a2200109Ia 4500
008
230907s9999||||xx |||||||||||||| ||und||
082
_a
6.32
_b
HAY
245
0
_a
Neural networks and learning machines /
260
_a
Pearson,
_b
Noida :
_c
2019
300
_a
917 p.
942
_c
BK
999
_c
600578
_d
600578